000 00436nam a2200181Ia 4500
001 10993
005 20260306161913.0
008 260306t1999||||xx |||||||||||||| ||spa||
041 _aESP
082 _a985
_bP34
100 _aPease G. Y., Franklin
_eAUT
245 0 _aBreve historia contemporánea del Perú
260 _c1999
300 _a293 páginas :
_c17 cm.
650 _aGEN
654 _aCHU
942 _cLIB
_dJUS
_fJUS
_2ddc
_n
999 _c10993
_d10993